Mannschaften nach Bundesliga-Platzierungen 1981 – 1990 - Statistiken

Allgemein
  • Dieses Quiz wurde 298 mal gespielt
  • Das Durchschnittsergebnis liegt bei 19 aus 30
Antwortstatistiken
Mannschaft % Korrekt
FC Bayern München
100%
Hamburger SV
94%
VfB Stuttgart
83%
1. FC Köln
75%
Borussia Dortmund
75%
1. FC Kaiserslautern
73%
Borussia Mönchengladbach
72%
SV Werder Bremen
72%
Eintracht Frankfurt
71%
VfL Bochum
68%
Bayer 04 Leverkusen
67%
FC Schalke 04
65%
1. FC Nürnberg
61%
Bayer 05 Uerdingen
60%
Karlsruher SC
59%
Fortuna Düsseldorf
58%
Hannover 96
58%
MSV Duisburg
58%
Hertha BSC Berlin
57%
SV Waldhof Mannheim
57%
TSV 1860 München
56%
DSC Arminia Bielefeld
55%
Eintracht Braunschweig
55%
FC St. Pauli
53%
1. FC Saarbrücken
51%
Blau-Weiß 90 Berlin
50%
Kickers Offenbach
50%
SV Darmstadt 98
50%
Stuttgarter Kickers
49%
FC 08 Homburg
48%
Keine übereinstimmenden Quizze gefunden
Verteilung der Resultate
Anzahl Personen mit jedem Resultat
Perzentil nach korrekt beantworteten Fragen
Ihre Resultats-Entwicklung
Sie haben dieses Quiz noch nicht gespielt